Final Report : Study on the Environmental Impacts of a Major Truck Freight Corridor in Pakistan (Record no. 532948)

000 -LEADER
fixed length control field 00447nam a22001577a 4500
003 - CONTROL NUMBER IDENTIFIER
control field NUST
005 - DATE AND TIME OF LATEST TRANSACTION
control field 20191209105706.0
008 - FIXED-LENGTH DATA ELEMENTS--GENERAL INFORMATION
fixed length control field 191209b ||||| |||| 00| 0 eng d
038 ## - RECORD CONTENT LICENSOR
Staff Name MSOHAIL
082 ## - DEWEY DECIMAL CLASSIFICATION NUMBER
Classification number 388.1
Author Mark PAK
100 ## - MAIN ENTRY--PERSONAL NAME
Personal name Multicom Services
9 (RLIN) 26590
245 ## - TITLE STATEMENT
Title Final Report : Study on the Environmental Impacts of a Major Truck Freight Corridor in Pakistan
260 ## - PUBLICATION, DISTRIBUTION, ETC.
Place of publication, distribution, etc. Islamabad
Name of publisher, distributor, etc. Pakistan
Date of publication, distribution, etc. c2015
300 ## - PHYSICAL DESCRIPTION
Extent v.p
942 ## - ADDED ENTRY ELEMENTS (KOHA)
Source of classification or shelving scheme
Koha item type Book
Holdings
Withdrawn status Lost status Source of classification or shelving scheme Damaged status Not for loan Permanent Location Current Location Date acquired Total Checkouts Full call number Barcode Date last seen Price effective from Koha item type
          School of Civil and Environmental Engineering (SCEE) School of Civil and Environmental Engineering (SCEE) 12/09/2019   388.1 PAK NIT-12724 12/09/2019 12/09/2019 Book
          School of Civil and Environmental Engineering (SCEE) School of Civil and Environmental Engineering (SCEE) 12/09/2019   388.1 PAK NIT-12725 12/09/2019 12/09/2019 Book
          School of Civil and Environmental Engineering (SCEE) School of Civil and Environmental Engineering (SCEE) 12/09/2019   388.1 PAK NIT-12726 12/09/2019 12/09/2019 Book
          School of Civil and Environmental Engineering (SCEE) School of Civil and Environmental Engineering (SCEE) 12/09/2019   388.1 PAK NIT-12727 12/09/2019 12/09/2019 Book
© 2023 Central Library, National University of Sciences and Technology. All Rights Reserved.